NASCAR 2022 Drivers - Statistics

General Stats
  • This quiz has been taken 41 times
  • The average score is 24 of 43
Answer Stats
Hint Answer % Correct
18 Kyle Busch
91%
4 Kevin Harvick
82%
45 Kurt Busch
82%
5 Kyle Larson
82%
2 Austin Cindric
77%
3 Austin Dillon
77%
9 Chase Elliott
77%
12 Ryan Blaney
77%
8 Tyler Reddick
77%
6 Brad Keselowski
73%
7 Corey Lajoie
73%
11 Denny Hamlin
73%
22 Joey Logano
73%
19 Martin Truex Jr
73%
1 Ross Chastain
73%
23 Bubba Wallace
68%
10 Aric Almirola
64%
14 Chase Briscoe
64%
99 Daniel Suarez
64%
47 Ricky Stenhouse Jr
64%
42 Ty Dillon
64%
24 William Byron
64%
21 Harrison Burton
59%
34 Michael Mcdowell
59%
48 Alex Bowman
55%
20 Christopher Bell
55%
51 Cody Ware
55%
16 A.J. Allmendinger
50%
78 B.J. Mcleod
45%
41 Cole Custer
45%
43 Eric Jones
45%
52 J.J. Yeley
45%
44 Greg Biffle
41%
31 Justin Haley
41%
66 Timmy Hill
32%
38 Todd Gililand
32%
53 Garrett Smithley
27%
36 David Ragan
23%
77 Landon Cassil
23%
27 Loris Hezemans
18%
17 Chris Buecher
14%
26 Daniel Kvyat
9%
15 Joey Hand
9%
No matching quizzes found
Score Distribution
Percent of People with Each Score
Percentile by Number Answered
Your Score History
You have not taken this quiz